000 03155cam a22005414i 4500
003 PE-LiUPU
005 20250731172900.0
008 170105s2016 xxua rb 000 0 eng d
020 _a0825442095
020 _a9780825442094
035 _a(Sirsi) a165880
040 _aPE-LiUPU
_bspa
_cPE-LiUPU
_erda
049 _aPRUA
082 0 4 _a222.11
_bw5
_223
245 0 0 _aWhat happened in the garden :
_bthe reality and ramifications of the creation and fall of man /
_cJohn MacArthur and The Master's College Faculty ; editor, Abner Chou.
264 1 _aGrand Rapids, MI :
_bKregel Academic,
_c2016.
300 _a302 páginas.
_bilustraciones ;
_c23 centimetros
336 _atext
_2rdacontent
337 _aunmediated
_2rdamedia
338 _avolume
_2rdacarrier
504 _aBibliografía :final de cada parte.
505 0 _aPart 1. Reality of Genesis 2-3 : "Did God really say?": hermeneutics and history in Genesis 3 / Abner Chou ; Adam and the animals / Todd Charles Wood, Joseph W. Francis ; Genetics of Adam / Todd Charles Wood, Joseph W. Francis ; Genesis 3: a map of misreadings / Grant Horner -- Part 2. Theological ramifications of the Creation and Fall : Genesis 3 and Original Sin / Paul R. Thorsell ; The Seed and Schaeffer / William Varner -- Part 3. Worldview ramifications of the Creation and Fall : After the Fall: three effects on human enterprise / R. W. Mackey II ; Thermodynamics and the Fall: how the Curse changed our world / Taylor B. Jones ; In re Adam and Eve: reflections on the Creation and Fall of man-a legal perspective ; The significance of sin for the psychologies / Ernie Baker ; "He made them male and female": the image of God, essentialism, and the evangelical gender debate / Jo Suzuki ; The historical Adam in education: why keeping him real in our curriculum matters / Alexander Granados ; A sin of historical proportions / John MacArthur -- Conclusion.
526 _aSEG42
526 _aSEG41
526 _aSEG40
526 _aSEG39
526 _aP94
526 _aP87
526 _aP86
526 _aP85
526 _aP77
526 _aP76
526 _aP35
650 0 4 _aBiblia.
_pA.T.
_pGénesis
_xCrítica, interpretación, etc.
650 0 4 _aEden.
650 0 4 _aCaída del hombre.
700 1 _aChou, Abner,
_eeditor.
700 1 _aMacArthur, John,
_d1939-,
_eautor.
910 _ajck
_bjvq
_cjck
_d20170105
910 _adbm
_bksl
_cksl
_d20171218
942 _2ddc
_cBOOK
949 _a222.11 w5
_wDEWEY
_c1
_i75498
_lCATALOGING
_mBUL
_p00.00
_r0
_sY
_tBOOK
_u2017-01-05
_xTEOLOGIA
_zPOSGRADO TEOLOGÍA
_0COMPRA
_o.CIRCNOTE. El documento es de alto precio.
_o.STAFF. Colección Teología
596 _a1
999 _a222.11 W5
_wDEWEY
_c14626
_i75498
_f2021-11-9
_g5
_lCCODEBUL1
_mBUL
_p20.00
_r0
_sY
_tBOOK
_u2017-1-5
_xTEOLOGIA
_PP85
_0COMPRA
_o.STAFF. Colección Teología
_d14626
999 _a222.11 W5
_wDEWEY
_c2
_i77686
_f2021-11-9
_g4
_lCCODEBUL1
_mBUL
_p19.27
_r0
_sY
_tBOOK
_u2017-12-18
_xTEOLOGIA
_PP85
_0COMPRA
_o.STAFF. Colección Teología
980 _81
_gALBERTO SANCHEZ Responsable de Automatización